• 首页
  • 本馆介绍
  • 公告通知
  • 最新文献
  • 馆藏检索
  • 电子资源
  • 读者导购
  • 参考咨询
  • 我的图书馆
  • 登录
  • 详细信息显示
  • 放入我的书架
  • 预约/预借图书
  • 作者相关作品
  • 分类相关作品
  • 丛书相关作品
  • 出版社相关作品

书目信息

  • 表格格式
  • 工作单格式
  • 卡片格式
题名:
朗读技巧
    
 
作者: 王宇红 著
分册:  
出版信息: 北京   中国广播电视出版社  2002
页数: 286页
开本: 21cm
丛书名: 播音主持艺术技巧丛书
单 册:
中图分类: G222.2
科图分类:
主题词: 汉语--朗诵--方法 , CT--S030350--汉语 , CT--S045467--朗诵 , 广播事业 , 电视事业
电子资源:
ISBN: 7-5043-3834-6
000 00947nam0 2200313 45
001 012002015997
005 20031219104109.3
010    @a7-5043-3834-6@dCNY17.00
100    @a20020221d2002 em y0chiy0110 ea
101 0  @achi
102    @aCN@b110000
105    @ay z 000yy
106    @ar
200 1  @a朗读技巧@9lang du ji qiao@f王宇红著
210    @a北京@c中国广播电视出版社@d2002
215    @a286页@d21cm
225 2  @a播音主持艺术技巧丛书
314    @a王宇红(女,1966~),北京广播学院讲师。著有《朗读技巧》等。
330    @a本书作者汇集了北京广播学院语言教学的丰富经验与心得体会,讲述了朗读艺术的技巧和方法。
461  0 @12001 @a播音主持艺术技巧丛书
606 0  @a汉语@x朗诵@x方法
606 0  @2CT@3S030350@a汉语
606 0  @2CT@3S045467@a朗诵
606 0  @a广播事业
606 0  @a电视事业
690    @aG222.2@v4
701  0 @a王宇红@9wang yu hong@4著
801    @aCN@bTSTC@c20031209
905    @b329830-834@dG222.2@e16@f5
    
    朗读技巧/王宇红著.-北京:中国广播电视出版社,2002
    286页;21cm.-(播音主持艺术技巧丛书)
    
    
    ISBN 7-5043-3834-6:CNY17.00
    本书作者汇集了北京广播学院语言教学的丰富经验与心得体会,讲述了朗读艺术的技巧和方法。
●
相关链接 在E读中查询图书 在五车中查询图书 在当当中查询图书 在豆瓣中查询图书


正题名:朗读技巧     索取号:G222.2/16         预约/预借

序号 登录号 条形码 馆藏地/架位号 状态 备注
1 0322752   203227524   密集书库/ [索取号:G222.2/16] 在馆    
2 0322753   203227533   密集书库/ [索取号:G222.2/16] 在馆    
3 0322754   203227542   第四借阅区/ [索取号:G222.2/16] 在馆    
4 0322755   203227551   密集书库/ [索取号:G222.2/16] 在馆    
5 0322756   203227560   第一样本阅览室/ [索取号:G222.2/16] 在馆    
6 0329830   203298305   第四借阅区/ [索取号:G222.2/16] 在馆    
7 0329831   203298314   密集书库/ [索取号:G222.2/16] 在馆    
8 0329832   203298323   密集书库/ [索取号:G222.2/16] 在馆    
9 0329833   203298332   第四借阅区/ [索取号:G222.2/16] 在馆    
10 0329834   203298341   第四借阅区/ [索取号:G222.2/16] 在馆    
唐山师范学院图书馆 欢迎您!
大连网信软件有限公司© 版权所有